| 000 -LEADER |
| fixed length control field |
00991cam a22002417 4500 |
| 003 - CONTROL NUMBER IDENTIFIER |
| control field |
OSt |
| 005 - DATE AND TIME OF LATEST TRANSACTION |
| control field |
20190729142836.0 |
| 008 - FIXED-LENGTH DATA ELEMENTS--GENERAL INFORMATION |
| fixed length control field |
150721t20061989nyu e f eng d |
| 020 ## - INTERNATIONAL STANDARD BOOK NUMBER |
| International Standard Book Number |
9780143038092 |
| 040 ## - CATALOGING SOURCE |
| Modifying agency |
CaOL |
| Transcribing agency |
KH8 |
| 082 ## - DEWEY DECIMAL CLASSIFICATION NUMBER |
| Classification number |
FIC TAN |
| 100 1# - MAIN ENTRY--PERSONAL NAME |
| Personal name |
Tan, Amy. |
| Relator term |
author |
| 245 14 - TITLE STATEMENT |
| Title |
The Joy Luck Club / |
| Statement of responsibility, etc. |
Amy Tan |
| 250 ## - EDITION STATEMENT |
| Edition statement |
25th anniversary edition. |
| 260 ## - PUBLICATION, DISTRIBUTION, ETC. |
| Place of publication, distribution, etc. |
N.Y. : |
| Name of publisher, distributor, etc. |
Penguin Random House Canada |
| Date of publication, distribution, etc. |
2006. |
| 300 ## - PHYSICAL DESCRIPTION |
| Extent |
288 p. ; |
| Dimensions |
24 cm. |
| 500 ## - GENERAL NOTE |
| General note |
First published in the United States of America by G.P. Putnam's Sons, 1989. |
| 520 ## - SUMMARY, ETC. |
| Summary, etc. |
In 1949, four Chinese women begin meeting in San Francisco for fun. Nearly 40 years later, their daughters continue to meet as the Joy Luck Club. Their stories ultimately display the double happiness that can be found in being both Chinese and American. |
| 650 #0 - SUBJECT ADDED ENTRY--TOPICAL TERM |
| Topical term or geographic name entry element |
Chinese American women |
| Form subdivision |
Fiction. |
| 650 #0 - SUBJECT ADDED ENTRY--TOPICAL TERM |
| Topical term or geographic name entry element |
Mothers and daughters |
| Chronological subdivision |
United States |
| Form subdivision |
Fiction. |
| 651 #0 - SUBJECT ADDED ENTRY--GEOGRAPHIC NAME |
| Geographic name |
San Francisco (Calif.) |
| Form subdivision |
Fiction. |
| 942 ## - ADDED ENTRY ELEMENTS (KOHA) |
| Source of classification or shelving scheme |
|
| Koha item type |
Books - Fiction |